000
00358nam a2200145Ia 4500
008
100122s9999 xx 000 0 und d
082
_b
23236
_a
823.08
100
_a
कर्णिक मधु मंगेश
245
_a
केवडा
260
_c
1960
300
_a
50
630
_a
केवडा
730
_a
केवडा
942
_c
BOOK
999
_c
410840
_d
410837